<?xml version="1.0" encoding="UTF-8"?>
<collection xmlns="http://www.loc.gov/MARC21/slim">
 <record>
  <leader>03117nam a2200457 a 4500</leader>
  <controlfield tag="001">1/53586</controlfield>
  <controlfield tag="008">210909s2019    gr bdh        00010 gre  </controlfield>
  <datafield tag="020" ind1=" " ind2=" ">
   <subfield code="a">9789605601751 (τ. 7)</subfield>
  </datafield>
  <datafield tag="020" ind1=" " ind2=" ">
   <subfield code="a">9789605601782 (τ. 8)</subfield>
  </datafield>
  <datafield tag="040" ind1=" " ind2=" ">
   <subfield code="a">GR-PeUP</subfield>
  </datafield>
  <datafield tag="082" ind1="0" ind2="0">
   <subfield code="a">956.9304 ΦΑΚ</subfield>
  </datafield>
  <datafield tag="245" ind1="0" ind2="0">
   <subfield code="a">Φάκελος Κύπρου :</subfield>
   <subfield code="b">πρακτικά της Εξεταστικής Επιτροπής της Βουλής των Ελλήνων /</subfield>
   <subfield code="c">Βουλή των Ελλήνων: γενικός συντονισμός: Βάσω Τσακανίκα ; γενική επιμέλεια: Έλλη Δρούλια ; επιμέλεια: Όλια Ησαΐα, Άρης Σωτηρόπουλος ; Βουλή των Αντιπροσώπων: γενικός συντονισμός: Ελένη Ηλιάδη ; επιμέλεια: Φλώρα Φλουρέντζου, Συλβάνα Βανέζου.</subfield>
  </datafield>
  <datafield tag="260" ind1="0" ind2=" ">
   <subfield code="a">Αθήνα :</subfield>
   <subfield code="b">Βουλή των Ελλήνων ;</subfield>
   <subfield code="a">Λευκωσία :</subfield>
   <subfield code="b">Βουλή των Αντιπροσώπων,</subfield>
   <subfield code="c">2019.</subfield>
  </datafield>
  <datafield tag="300" ind1=" " ind2=" ">
   <subfield code="a">τ. 7-8 (502 · 504 σ.) :</subfield>
   <subfield code="b">χάρτες, πίν., πανομ. ;</subfield>
   <subfield code="c">30 εκ.</subfield>
  </datafield>
  <datafield tag="505" ind1="0" ind2=" ">
   <subfield code="a">Τ. 7. Συνεδριάσεις 30 Σεπτεμβρίου έως 7 Οκτωβρίου 1986 -- τ. 8. Συνεδριάσεις 22 έως 23 Οκτωβρίου 1986.</subfield>
  </datafield>
  <datafield tag="650" ind1=" " ind2="4">
   <subfield code="a">Κυπριακό ζήτημα.</subfield>
  </datafield>
  <datafield tag="651" ind1=" " ind2="4">
   <subfield code="a">Κύπρος</subfield>
   <subfield code="x">Ιστορία</subfield>
   <subfield code="x">Τουρκική εισβολή, 1974-</subfield>
   <subfield code="x">Πηγές.</subfield>
  </datafield>
  <datafield tag="651" ind1=" " ind2="0">
   <subfield code="a">Cyprus</subfield>
   <subfield code="x">History</subfield>
   <subfield code="y">Cyprus Crisis, 1974-</subfield>
  </datafield>
  <datafield tag="651" ind1=" " ind2="4">
   <subfield code="a">Κύπρος</subfield>
   <subfield code="x">Ιστορία</subfield>
   <subfield code="y">20ος αι.</subfield>
   <subfield code="x">Πηγές.</subfield>
  </datafield>
  <datafield tag="651" ind1=" " ind2="4">
   <subfield code="a">Κύπρος</subfield>
   <subfield code="x">Πολιτική και διακυβέρνηση</subfield>
   <subfield code="y">1960-</subfield>
  </datafield>
  <datafield tag="651" ind1=" " ind2="4">
   <subfield code="a">Κύπρος</subfield>
   <subfield code="x">Ιστορία</subfield>
   <subfield code="x">Κυπριακή κρίση</subfield>
   <subfield code="y">1974-</subfield>
  </datafield>
  <datafield tag="651" ind1=" " ind2="4">
   <subfield code="a">Ελλάδα</subfield>
   <subfield code="x">Εξωτερικές σχέσεις</subfield>
   <subfield code="y">Κύπρος</subfield>
   <subfield code="x">Πηγές.</subfield>
  </datafield>
  <datafield tag="651" ind1=" " ind2="4">
   <subfield code="a">Κύπρος</subfield>
   <subfield code="x">Εξωτερικές σχέσεις</subfield>
   <subfield code="y">Ελλάδα</subfield>
   <subfield code="x">Πηγές.</subfield>
  </datafield>
  <datafield tag="700" ind1="1" ind2=" ">
   <subfield code="a">Τσακανίκα, Βασιλική.</subfield>
  </datafield>
  <datafield tag="700" ind1="1" ind2=" ">
   <subfield code="a">Δρούλια, Έλλη.</subfield>
  </datafield>
  <datafield tag="700" ind1="1" ind2=" ">
   <subfield code="a">Ησαΐα, Όλια.</subfield>
  </datafield>
  <datafield tag="700" ind1="1" ind2=" ">
   <subfield code="a">Σωτηρόπουλος, Άρης.</subfield>
  </datafield>
  <datafield tag="700" ind1="1" ind2=" ">
   <subfield code="a">Ηλιάδη, Ελένη.</subfield>
  </datafield>
  <datafield tag="700" ind1="1" ind2=" ">
   <subfield code="a">Φλουρέντζου, Φλώρα.</subfield>
  </datafield>
  <datafield tag="700" ind1="1" ind2=" ">
   <subfield code="a">Βανέζου, Συλβανα.</subfield>
  </datafield>
  <datafield tag="710" ind1="2" ind2="0">
   <subfield code="a">Ελλάδα.</subfield>
   <subfield code="b">Βουλή.</subfield>
  </datafield>
  <datafield tag="710" ind1="2" ind2=" ">
   <subfield code="a">Κύπρος. Βουλή των Αντιπροσώπων.</subfield>
  </datafield>
  <datafield tag="852" ind1=" " ind2=" ">
   <subfield code="a">INST</subfield>
   <subfield code="b">UNIPILB</subfield>
   <subfield code="c">MAIN</subfield>
   <subfield code="e">20210909</subfield>
   <subfield code="h">956.9304 ΦΑΚ</subfield>
   <subfield code="p">00183746</subfield>
   <subfield code="q">00183746</subfield>
   <subfield code="t">LOAN</subfield>
   <subfield code="v">τομ.8:</subfield>
   <subfield code="y">0</subfield>
   <subfield code="4">1</subfield>
  </datafield>
  <datafield tag="852" ind1=" " ind2=" ">
   <subfield code="a">INST</subfield>
   <subfield code="b">UNIPILB</subfield>
   <subfield code="c">MAIN</subfield>
   <subfield code="e">20210909</subfield>
   <subfield code="h">956.9304 ΦΑΚ</subfield>
   <subfield code="p">00183747</subfield>
   <subfield code="q">00183747</subfield>
   <subfield code="t">LOAN</subfield>
   <subfield code="v">τομ.8:</subfield>
   <subfield code="y">0</subfield>
   <subfield code="4">2</subfield>
  </datafield>
  <datafield tag="852" ind1=" " ind2=" ">
   <subfield code="a">INST</subfield>
   <subfield code="b">UNIPILB</subfield>
   <subfield code="c">MAIN</subfield>
   <subfield code="e">20210909</subfield>
   <subfield code="h">956.9304 ΦΑΚ</subfield>
   <subfield code="p">00183762</subfield>
   <subfield code="q">00183762</subfield>
   <subfield code="t">LOAN</subfield>
   <subfield code="v">τομ.7:</subfield>
   <subfield code="y">0</subfield>
   <subfield code="4">1</subfield>
  </datafield>
  <datafield tag="852" ind1=" " ind2=" ">
   <subfield code="a">INST</subfield>
   <subfield code="b">UNIPILB</subfield>
   <subfield code="c">MAIN</subfield>
   <subfield code="e">20210909</subfield>
   <subfield code="h">956.9304 ΦΑΚ</subfield>
   <subfield code="p">00183763</subfield>
   <subfield code="q">00183763</subfield>
   <subfield code="t">LOAN</subfield>
   <subfield code="v">τομ.7:</subfield>
   <subfield code="y">0</subfield>
   <subfield code="4">2</subfield>
  </datafield>
  <datafield tag="853" ind1=" " ind2=" ">
   <subfield code="a">INST</subfield>
   <subfield code="b">UNIPILB</subfield>
   <subfield code="c">MAIN</subfield>
   <subfield code="h">956.9304 ΦΑΚ</subfield>
   <subfield code="l">τομ.8-τομ.7; τομ.8-τομ.7</subfield>
  </datafield>
  <datafield tag="960" ind1=" " ind2=" ">
   <subfield code="a">ΜΑΡΙΑ ΒΕΛ</subfield>
  </datafield>
  <datafield tag="960" ind1=" " ind2=" ">
   <subfield code="a">ΜΑΡΙΑ ΒΕΛ</subfield>
  </datafield>
  <datafield tag="960" ind1=" " ind2=" ">
   <subfield code="a">ΜΑΡΙΑ ΒΕΛ</subfield>
  </datafield>
  <datafield tag="960" ind1=" " ind2=" ">
   <subfield code="a">ΜΑΡΙΑ ΒΕΛ</subfield>
  </datafield>
 </record>
</collection>
